000 00708nam a2200241 a 4500
005 20250307063825.0
008 080304s2003 es r 000 0 spa d
020 _a8424116488
035 _aUPN01000154726
049 _aI
050 4 _aPZ71
_bL3.6
100 1 _aLaw, Felicia
_932119
245 1 0 _aPalabras /
_cFelicia Law ; il. Paula Knight ; tr. Rafael Cruz-Contarini.
260 _aMadrid :
_bEverest,
_c2003.
300 _a[28] p. :
_bil. col.
440 0 _aRetales
534 _pTítulo original:
_tAlphabet
650 4 _aLibros y lectura para niños
_92290
650 4 _aAlfabeto
_912
650 4 _aVocabulario
_vLiteratura infantil
_99516
700 1 _aKnight, Paula,
_eil.
905 _aInfantil
999 _c126843
_d126843